000 00366nam a2200133Ia 4500
008 231129s9999||||xx |||||||||||||| ||spa||
020 _a84-672-1224-1
040 _bspa
082 _a759.4 M433f
100 _aFaerna José Marí­a
245 0 _aMatisse: Obras maestras
264 _aCí­rculo de Lectores
942 _2ddc
_cBKS
999 _c20796
_d20796